LDR 00785naa#a2200193#i#450# 001 EN\\bibl\123436 005 20260706010627.1 011 ## _a1994-4683 100 ## _a20230731b2023####ek#y0engy0150####ca 102 ## _aRU 200 1# _aFEATURES OF THE INFLUENCE OF CONJUGATE SPURT TRAINING ON THE EFFECTIVENESS OF PERCUSSIVE ACTIONS AMONG TAEKWONDO ATHLETES OF RUS “SCOLIPE” _eJournal article 210 1# _aMoscow _cNational State University of Physical Education, Sports and Health named after P.F. Lesgaft _d2023 215 ## _a4 с. 608 ## _aJournal article _2local 675 ## _aПрочие виды единоборства и тяжелой атлетики. 796.89 _z 700 #1 _aEpov _gO G 700 #1 _aLaptev _gAleksey Ivanovich 700 #1 _aFedorov _gA D 856 4# _auchzapiski.lesgaft.spb.ru _u